| 000 | 00489 a2200169 4500 | ||
|---|---|---|---|
| 001 | 130076 | ||
| 022 | _a1679-656X | ||
| 040 | _cLeonardo Da Vinci | ||
| 041 | _aPortuguês | ||
| 082 |
_aCAP 2010 _b2010 |
||
| 245 | _aColégio de aplicação Pio XII | ||
| 300 | _a21 | ||
| 362 | _a20100329 | ||
| 490 |
_aColégio de aplicação Pio XII _aHerança Quantitativa |
||
| 697 |
_aDeterminação dos descendentes _aRelações numéricas _aLigação fatorial _aExercícios _aGhemat |
||
| 942 | _cCR | ||
| 999 |
_c130076 _d130076 |
||